书目信息 |
| 题名: |
建筑装饰材料
|
|
| 作者: | 陈亚斌 , 夏莲 , 伍爱华 编著 | |
| 分册: | ||
| 出版信息: | 北京 中国轻工业出版社 2020.06 |
|
| 页数: | 121页 | |
| 开本: | 29cm | |
| 丛书名: | 全国高等职业教育建筑设计类专业规划教材 | |
| 单 册: | ||
| 中图分类: | TU56 | |
| 科图分类: | ||
| 主题词: | 建筑材料--jian zhu cai liao--装饰材料--高等职业教育--教材 | |
| 电子资源: | ||
| ISBN: | 978-7-5184-2917-2 | |
| 000 | 01189nam 2200289 450 | |
| 001 | 2046587119 | |
| 005 | 20201107125634.87 | |
| 010 | @a978-7-5184-2917-2@dCNY49.80 | |
| 100 | @a20200702d2020 em y0chiy50 ea | |
| 101 | 0 | @achi |
| 102 | @aCN@b110000 | |
| 105 | @aa a 000yy | |
| 200 | 1 | @a建筑装饰材料@Ajian zhu zhuang shi cai liao@d= Building decoration materials@f陈亚斌, 夏莲, 伍爱华编著@zeng |
| 210 | @a北京@c中国轻工业出版社@d2020.06 | |
| 215 | @a121页@c彩图@d29cm | |
| 225 | 2 | @a全国高等职业教育建筑设计类专业规划教材@Aquan guo gao deng zhi ye jiao yu jian zhu she ji lei zhuan ye gui hua jiao cai |
| 320 | @a有书目 | |
| 330 | @a本书以图解加文字的形式介绍了在建筑装饰工程中会运用到的各种材料, 并且详细地介绍了各种材料的特性、分类、价格以及实用的选购技巧, 每章中还配有总结性质的表格。 | |
| 410 | 0 | @12001 @a全国高等职业教育建筑设计类专业规划教材 |
| 510 | 1 | @aBuilding decoration materials@zeng |
| 606 | 0 | @a建筑材料@Ajian zhu cai liao@x装饰材料@x高等职业教育@j教材 |
| 690 | @aTU56@v5 | |
| 701 | 0 | @a陈亚斌@Achen ya bin@4编著 |
| 701 | 0 | @a夏莲@Axia lian@4编著 |
| 701 | 0 | @a伍爱华@Awu ai hua@4编著 |
| 801 | 0 | @aCN@b人天书店@c20201001 |
| 905 | @aZUCC@dTU56@eC610 | |
| 建筑装饰材料= Building decoration materials/陈亚斌, 夏莲, 伍爱华编著.-北京:中国轻工业出版社,2020.06 |
| 121页:彩图;29cm.-(全国高等职业教育建筑设计类专业规划教材) |
| ISBN 978-7-5184-2917-2:CNY49.80 |
| 本书以图解加文字的形式介绍了在建筑装饰工程中会运用到的各种材料, 并且详细地介绍了各种材料的特性、分类、价格以及实用的选购技巧, 每章中还配有总结性质的表格。 |
| ● |
| 相关链接 |
|
|
|
正题名:建筑装饰材料
索取号:TU56/C610
 
预约/预借
| 序号 | 登录号 | 条形码 | 馆藏地/架位号 | 状态 | 备注 |
| 1 | 1485364 | 214853648 | 建筑库201/201建筑库 9排3列1层/ [索取号:TU56/C610] | 在馆 | |
| 2 | 1485365 | 214853657 | 建筑库201/201建筑库 9排3列1层/ [索取号:TU56/C610] | 在馆 |